000 00830nam a2200277 a 4500
001 54532
003 BD-RjUL
005 20211209080132.0
008 161106s1968 enkacfh b 001 0 eng
020 _a0719003008
035 _a(BD-RjUL)54654
040 _aDLC
_cDLC
_dDLC
_dBD-RjUL
_beng
041 _aeng
082 0 0 _a821.7
_223
_bBEB 1968
100 1 _aBeer, John B.
_9162680
245 1 0 _aBlake's humanism /
_cJohn Beer.
260 _aNew York :
_bBarnes & Noble,
_cc1968.
300 _axiii, 269 p. :
_bill, ;
_c23 cm.
350 _a55/-
500 _aInclude index
600 1 0 _aBlake, William,
_d1757-1827
_xPolitical and social views.
_9162681
650 0 _aLiterature and society
_zEngland
_xHistory
_y18th century.
_9162682
650 0 _aHumanism in literature.
_9162683
942 _2ddc
_cBK
999 _c54532
_d54532